Normal view
MARC view
Entry Personal Name
001 - CONTROL NUMBER
- control field: 20323
003 - CONTROL NUMBER IDENTIFIER
- control field: dpl
005 - DATE AND TIME OF LATEST TRANSACTION
- control field: 20100916123338.0
008 - FIXED-LENGTH DATA ELEMENTS
- fixed length control field: 100916|||a|||||| | ||| d
040 ## - CATALOGING SOURCE
- Original cataloging agency: dpl
- Transcribing agency: dpl
100 ## - HEADING--PERSONAL NAME
- Personal name: Kalyanpur, Suman
670 ## - SOURCE DATA FOUND
- Source citation: Work cat.: (dpl): Mangeshkar, Lata 1184, Jay-Vejay; Part-1
670 ## - SOURCE DATA FOUND
- Source citation: Work cat.: (dpl): Mangeshkar, Lata 1184, Jay-Vejay; Part-1
